000 00368nam a2200145Ia 4500
008 230917s9999||||xx |||||||||||||| ||und||
040 _e20189
_aMAIN
041 _aEnglish
082 _a301.04 G613E
100 _aGoode, William J
245 0 _aExplorations in social theory
260 _aNew York
_bOxford University Press
_c1973
300 _a449 p.
942 _cBK
999 _c190383
_d190383